Repenser la responsabilité sociale de l'entreprise : L'école de Montréal (notice n° 1568807)

détails MARC
000 -LEADER
fixed length control field 01485cam a2200145 4500500
005 - DATE AND TIME OF LATEST TRANSACTION
control field 20251214005357.0
041 ## - LANGUAGE CODE
Language code of text/sound track or separate title fre
042 ## - AUTHENTICATION CODE
Authentication code dc
100 10 - MAIN ENTRY--PERSONAL NAME
Personal name Gendron, Corinne
Relator term author
245 00 - TITLE STATEMENT
Title Repenser la responsabilité sociale de l'entreprise : L'école de Montréal
260 ## - PUBLICATION, DISTRIBUTION, ETC.
Name of publisher, distributor, etc. Armand Colin,<br/>
Date of publication, distribution, etc. 2013.<br/>
520 ## - SUMMARY, ETC.
Summary, etc. Au confluent des traditions de pensée anglo-saxonne et continentale, les chercheurs de l’École de Montréal ont développé une perspective distinctive de la responsabilité sociale qui nourrit la recherche francophone tout autant qu’elle renouvelle les paradigmes anglo-saxons. Attentive aux dimensions sociologiques et institutionnelles de l’activité des entreprises, cette perspective n’en occulte pas pour autant les défis gestionnaires et opérationnels qu’induisent un contexte ou une stratégie de responsabilité sociale. Les chercheurs de l’École de Montréal ont ainsi développé une problématique originale, bien ancrée dans la réalité des entreprises, qui leur a permis d’élaborer des concepts nouveaux comme celui de Nouveau Mouvement Social Économique et de Régulation hybride ou d’approfondir des thématiques encore peu explorées telles que le rôle de l’État dans les différentes configurations de la responsabilité sociale.
700 10 - ADDED ENTRY--PERSONAL NAME
Personal name Girard, Bernard
Relator term author
856 41 - ELECTRONIC LOCATION AND ACCESS
Uniform Resource Identifier <a href="https://shs.cairn.info/repenser-la-responsabilite-sociale-de-l-entreprise--9782200280499?lang=fr&redirect-ssocas=7080">https://shs.cairn.info/repenser-la-responsabilite-sociale-de-l-entreprise--9782200280499?lang=fr&redirect-ssocas=7080</a>

Pas d'exemplaire disponible.

PLUDOC

PLUDOC est la plateforme unique et centralisée de gestion des bibliothèques physiques et numériques de Guinée administré par le CEDUST. Elle est la plus grande base de données de ressources documentaires pour les Étudiants, Enseignants chercheurs et Chercheurs de Guinée.

Adresse

627 919 101/664 919 101

25 boulevard du commerce
Kaloum, Conakry, Guinée

Réseaux sociaux

Powered by Netsen Group @ 2025